01214nam a2200313Ia 4500001001200000003000800012006001900020007001500039008004100054020002500095020001800120020002200138040002100160035002100181050002600202100002100228245008900249260003200338300002400370490003500394504005100429533015200480650002900632650003100661655002900692710001700721830003600738856012600774ebr10220054CaPaEBRm u cr cn|||||||||070103s2007 enka sb 001 0 eng d z9780198570080 (hbk.) z9780191524639 z0198570082 (hbk.) aCaPaEBRcCaPaEBR a(OCoLC)19107486414aQA613.62b.C35 2007eb1 aCalegari, Danny.10aFoliations and the geometry of 3-manifoldsh[electronic resource] /cDanny Calegari. aOxford :bClarendon,c2007. axiv, 363 p. :bill.1 aOxford mathematical monographs aIncludes bibliographical references and index. aElectronic reproduction.bPalo Alto, Calif. :cebrary,d2009.nAvailable via World Wide Web.nAccess may be limited to ebrary affiliated libraries. 0aFoliations (Mathematics) 0aThree-manifolds (Topology) 7aElectronic books.2local2 aebrary, Inc. 0aOxford mathematical monographs.40uhttp://site.ebrary.com/lib/rucke/Doc?id=10220054zAn electronic book accessible through the World Wide Web; click to view